Countries of the world in alphabetical order with no map - Statistics

General Stats
  • This quiz has been taken 13 times
    8 since last reset
  • The average score is 129 of 196
Answer Stats
Answer % Correct
Albania
100%
Andorra
100%
Angola
100%
Argentina
100%
Armenia
100%
Australia
100%
Austria
100%
Azerbaijan
100%
Bahamas
100%
Bahrain
100%
Belguim
100%
Belize
100%
Benin
100%
Bhutan
100%
Bolivia
100%
Bosnia and Herzegovina
100%
Botswana
100%
Bulgaria
100%
Burkina Faso
100%
Burundi
100%
Cambodia
100%
Cameroon
100%
Canada
100%
Cape Verde
100%
Central African Republic
100%
Chad
100%
Comoros
100%
Croatia
100%
Cyprus
100%
Czech Republic
100%
Denmark
100%
Djibouti
100%
Dominica
100%
Dominican Republic
100%
East Timor
100%
El Salvador
100%
Eritrea
100%
Fiji
100%
Finland
100%
France
100%
Gabon
100%
Gambia
100%
Guatemala
100%
Guinea
100%
Guinea Bissau
100%
Guyana
100%
Honduras
100%
Hungary
100%
Iceland
100%
India
100%
Indonesia
100%
Iran
100%
Iraq
100%
Ireland
100%
Israel
100%
Jamaica
100%
Japan
100%
Jordan
100%
Kazakhstan
100%
Kenya
100%
Kiribati
100%
Lebanon
100%
Liberia
100%
Libya
100%
Afganistan
50%
Algeria
50%
Antigua and Barbuda
50%
Barbados
50%
Belarus
50%
Brazil
50%
Brunei
50%
Chile
50%
China
50%
Colombia
50%
Costa Rica
50%
Cuba
50%
Democratic Republic of the Congo
50%
Ecuador
50%
Egypt
50%
Equatorial Guinea
50%
Estonia
50%
Eswatini
50%
Ethiopia
50%
Federated States of Micronesia
50%
Georgia
50%
Germany
50%
Ghana
50%
Greece
50%
Grenada
50%
Haiti
50%
Italy
50%
Ivory Coast
50%
Kosovo
50%
Kuwait
50%
Kyrgyzstan
50%
Laos
50%
Latvia
50%
Lesotho
50%
Lithuania
50%
Luxembourg
50%
Madagascar
50%
Malawi
50%
Malaysia
50%
Maldives
50%
Mali
50%
Malta
50%
Marshall Islands
50%
Mauritania
50%
Mauritius
50%
Mexico
50%
Moldova
50%
Monaco
50%
Mongolia
50%
Montenegro
50%
Morocco
50%
Mozambique
50%
Myanmar
50%
Namibia
50%
Nauru
50%
Nepal
50%
Netherlands
50%
New Zealand
50%
Nicaragua
50%
Niger
50%
Nigeria
50%
North Korea
50%
North Macedonia
50%
Norway
50%
Oman
50%
Pakistan
50%
Palau
50%
Panama
50%
Papua New Guinea
50%
Paraguay
50%
Peru
50%
Phillippines
50%
Poland
50%
Portugal
50%
Qatar
50%
Republic of the Congo
50%
Romania
50%
Russia
50%
Rwanda
50%
Samoa
50%
San Marino
50%
Sao Tome and Principe
50%
Saudi Arabia
50%
Senegal
50%
Serbia
50%
Seychelles
50%
Sierra Leone
50%
Singapore
50%
Slovakia
50%
Slovenia
50%
Solomon Islands
50%
Somalia
50%
South Africa
50%
South Korea
50%
South Sudan
50%
Spain
50%
Sri Lanka
50%
St KItts and Nevis
50%
St Lucia
50%
St Vincent and the Grenadines
50%
Sudan
50%
Suriname
50%
Sweden
50%
Switzerland
50%
Syria
50%
Taiwan
50%
Tanzania
50%
Thailand
50%
Togo
50%
Tonga
50%
Trinidad and Tobago
50%
Tunisia
50%
Turkey
50%
Turkmenistan
50%
Tuvalu
50%
Uganda
50%
Ukraine
50%
United Arab Emirates
50%
United Kingdom
50%
United States of America
50%
Uruguay
50%
Uzbekistan
50%
Vanuatu
50%
Vatican City
50%
Venezuela
50%
Vietnam
50%
Yemen
50%
Zambia
50%
Zimbabwe
50%
Bangledesh
0%
Liechtenstien
0%
Tajikstan
0%
No matching quizzes found
Score Distribution
Percent of People with Each Score
Percentile by Number Answered
Your Score History
You have not taken this quiz since the last reset